000
00295nam a22001217a 4500
082
_a
327/KAT
100
_a
Katoch, Dhruv
_9
68948
245
_a
India's Foreign Policy Towards Resurgence
260
_a
New Delhi
_b
Pentagon Press
_c
2019
300
_a
194
650
_a
Political Science
942
_c
BK
999
_c
65847
_d
65847